Vocabulaire Espagnol #3 - Cliquez sur l'image - Statistiques

Statistiques générales
  • Ce quiz a été pris 18 996 fois
  • Le résultat moyen est 10 sur 24
Réponses sur la Carte
Les réponses sont colorées sur une échelle allant du rouge au vert en fonction du pourcentage des utilisateurs qui les ont devinées à leur premier essai. Vous pouvez retrouver ces pourcentages ci-dessous.
 
Statistiques - réponses
Réponse % Correct
Un camión
74%
Un tigre
74%
Un tomate
74%
Una patata
73%
Una langosta
69%
Un diente
69%
Un perro
65%
Un barco
64%
Una oreja
62%
Una lupa
54%
Una papelera
48%
Un paraguas
39%
Cerezas
38%
Calcetines
35%
Un caracol
22%
Un tiburón
21%
Una gorra
20%
Una oveja
19%
Una piruleta
19%
Un murciélago
18%
Una bombilla
13%
Un cohete
13%
Una cometa
10%
Un hongo
10%
Aucun quiz correspondant
Distribution des résultats
% des personnes avec chaque résultat
Percentile par nombre de réponses
Votre historique - résultats
Vous n’avez pas pris ce quiz